Personal religion in the Libyan period in Egypt /

محفوظ في:

المؤلف الرئيسي: Adderley, Nicola J. (مؤلف)

التنسيق: كتاب

اللغة: English

منشور في: Saarbrucken : Scholar's Press, 2015.

الطبعة: First edition.

الموضوعات:

الوسوم: إضافة وسم

لا توجد وسوم, كن أول من يضع وسما على هذه التسجيلة!

رقم الطلب: DE68 .A33 2015

LEADER 01094nam a2200265Ia 4500
008 201123s2015 gw g b 001 0 eng d
020 |a 9783639769579 (paperback) 
043 |a f-ua--- 
050 1 4 |a DE68  |b .A33 2015 
100 1 |a Adderley, Nicola J.,  |e author. 
245 1 0 |a Personal religion in the Libyan period in Egypt /  |c Nicola J. Adderley. 
250 |a First edition. 
264 1 |a Saarbrucken :  |b Scholar's Press,  |c 2015. 
300 |a x, 353 pages ;  |c 22 cm 
336 |a text  |b txt  |2 rdacontent 
337 |a unmediated  |b n  |2 rdamedia 
338 |a volume  |b nc  |2 rdacarrier 
504 |a Includes bibliographical references and index. 
650 0 |a Individualism  |x Religious aspects. 
651 0 |a Egypt  |x Religious life and customs. 
651 0 |a Egypt  |x History  |y Third Intermediate Period, ca. 1071-ca. 650 B.C. 
942 |c BK 
952 |0 0  |1 0  |2 lcc  |4 0  |7 1  |9 31590  |a ARCE  |b ARCE  |d 2022-01-25  |l 0  |r 2022-01-25 00:00:00  |w 2022-01-25  |y BK 
952 |0 0  |1 0  |2 lcc  |4 0  |6 DE0068 A33 02015  |7 1  |9 59169  |a ARCE  |b ARCE  |d 2024-01-10  |l 0  |o DE68 .A33 2015  |p 1004409  |r 2024-01-10 00:00:00  |w 2024-01-10  |y BK 
999 |c 31322  |d 31322